Sustainability of rubber ecosystem: A case study at RRII farm (Record no. 48505)

MARC details
000 -LEADER
fixed length control field 00417nam a2200157Ia 4500
100 ## - MAIN ENTRY--AUTHOR NAME
Personal name George E.S
245 #0 - TITLE STATEMENT
Title Sustainability of rubber ecosystem: A case study at RRII farm
260 ## - PUBLICATION, DISTRIBUTION, ETC. (IMPRINT)
Name of publisher Rubber Board Bulletin
Year of publication 2012
300 ## - PHYSICAL DESCRIPTION
Number of Pages 13-16
650 ## - SUBJECT ADDED ENTRY--TOPICAL TERM
Topical Term Rubber cultivation
650 ## - SUBJECT ADDED ENTRY--TOPICAL TERM
Topical Term Rubber ecosystem
700 ## - ADDED ENTRY--PERSONAL NAME
Personal name Jessy M D
700 ## - ADDED ENTRY--PERSONAL NAME
Personal name Nair N.U
942 ## - ADDED ENTRY ELEMENTS (KOHA)
Koha item type Bibliography STAF
Holdings
Withdrawn status Lost status Damaged status Not for loan Home library Current library Shelving location Date acquired Serial Enumeration / chronology Koha item type
      Bibliography RRII Library RRII Library Agronomy 09/05/2012 Volume 30, Issue 3 Bibliography STAF